Methodology of research in social sciences. (Record no. 156458)
[ view plain ]
| 000 -LEADER | |
|---|---|
| fixed length control field | 00560nam a2200205Ia 4500 |
| 003 - CONTROL NUMBER IDENTIFIER | |
| control field | OSt |
| 005 - DATE AND TIME OF LATEST TRANSACTION | |
| control field | 20230426110850.0 |
| 008 - FIXED-LENGTH DATA ELEMENTS--GENERAL INFORMATION | |
| fixed length control field | 210423s2008 xx 000 0 und d |
| 020 ## - INTERNATIONAL STANDARD BOOK NUMBER | |
| International Standard Book Number | 9789350248669 |
| 040 ## - CATALOGING SOURCE | |
| Transcribing agency | AL |
| 041 ## - LANGUAGE CODE | |
| Language code of text/sound track or separate title | eng |
| 082 ## - DEWEY DECIMAL CLASSIFICATION NUMBER | |
| Classification number | 300.72 KRIO |
| 100 ## - MAIN ENTRY--PERSONAL NAME | |
| Personal name | KRISHNASWAMI (O R);RANGANATHAM (M). |
| 9 (RLIN) | 79852 |
| 245 ## - TITLE STATEMENT | |
| Title | Methodology of research in social sciences. |
| 260 ## - PUBLICATION, DISTRIBUTION, ETC. | |
| Place of publication, distribution, etc. | Mumbai |
| Name of publisher, distributor, etc. | Himalaya Publishing House |
| Date of publication, distribution, etc. | 2008 |
| 300 ## - PHYSICAL DESCRIPTION | |
| Extent | xii,445 |
| 365 ## - TRADE PRICE | |
| Price amount | 250 |
| Currency code | INR |
| 906 ## - LOCAL DATA ELEMENT F, LDF (RLIN) | |
| a | Methodology ; research ; sciences. ; social |
| 942 ## - ADDED ENTRY ELEMENTS (KOHA) | |
| Source of classification or shelving scheme | Dewey Decimal Classification |
| Koha item type | Book |
| Withdrawn status | Lost status | Damaged status | Not for loan | Collection code | Home library | Current library | Date acquired | Source of acquisition | Cost, normal purchase price | Total Checkouts | Full call number | Barcode | Date last seen | Date last checked out | Price effective from | Koha item type |
|---|---|---|---|---|---|---|---|---|---|---|---|---|---|---|---|---|
| MAJMC | St Aloysius PG Library | St Aloysius PG Library | 01/19/2009 | Higginbothams Pvt Ltd | 250.00 | 2 | 300.72 KRIO | PG002932 | 03/01/2023 | 02/28/2023 | 04/26/2021 | Book | ||||
| MAJMC | St Aloysius PG Library | St Aloysius PG Library | 01/19/2009 | Higginbothams Pvt Ltd | 250.00 | 300.72 KRIO | PG002933 | 08/24/2022 | 04/26/2021 | Book | ||||||
| MAJMC | St Aloysius PG Library | St Aloysius PG Library | 01/19/2009 | Higginbothams Pvt Ltd | 250.00 | 5 | 300.72 KRIO | PG002934 | 02/07/2025 | 01/29/2025 | 04/26/2021 | Book | ||||
| MAJMC | St Aloysius PG Library | St Aloysius PG Library | 01/19/2009 | Higginbothams Pvt Ltd | 250.00 | 300.72 KRIO | PG002935 | 08/24/2022 | 04/26/2021 | Book | ||||||
| MAJMC | St Aloysius PG Library | St Aloysius PG Library | 01/19/2009 | Higginbothams Pvt Ltd | 250.00 | 300.72 KRIO | PG002936 | 08/24/2022 | 04/26/2021 | Book | ||||||
| MAJMC | St Aloysius PG Library | St Aloysius PG Library | 01/19/2009 | Higginbothams Pvt Ltd | 250.00 | 2 | 300.72 KRIO | PG002937 | 03/04/2025 | 02/20/2025 | 04/26/2021 | Book | ||||
| MAJMC | St Aloysius PG Library | St Aloysius PG Library | 01/19/2009 | Higginbothams Pvt Ltd | 250.00 | 300.72 KRIO | PG002938 | 08/24/2022 | 04/26/2021 | Book | ||||||
| MAJMC | St Aloysius PG Library | St Aloysius PG Library | 01/19/2009 | Higginbothams Pvt Ltd | 250.00 | 300.72 KRIO | PG002939 | 08/24/2022 | 04/26/2021 | Book | ||||||
| MAJMC | St Aloysius PG Library | St Aloysius PG Library | 01/19/2009 | Higginbothams Pvt Ltd | 250.00 | 300.72 KRIO | PG002940 | 08/24/2022 | 04/26/2021 | Book | ||||||
| MAJMC | St Aloysius PG Library | St Aloysius PG Library | 01/19/2009 | Higginbothams Pvt Ltd | 250.00 | 300.72 KRIO | PG002941 | 08/24/2022 | 04/26/2021 | Book |